000 00558nam a2200193Ia 4500
005 20250923144228.0
008 008 250917s9999 xx 000 0 eng d
037 _aReports
040 _aDSWL
_beng
_cDSWL
041 _aeng
_2eng
084 _aY:4:61(X:8).4498'N49t, N49
_qDSWL
245 0 _aReport of the special comm on Prison Administration
260 _bCeylon Govt Govt Press
_c1949
300 _a89 p.
365 _aINR
_b1.5
925 _g1.5
942 _cREP
_hY:4:61(X:8).4498'N49t, N49
999 _c1436336
_d1436336